000 01003nam a2200265 a 4500
001 27748
003 BD-RjUL
005 20211209051209.0
008 140327r19651925xxu 000 0 eng d
035 _a(BD-RjUL)27827
040 _aBD-RjUL
_beng
_cBD-RjUL
_dBD-RjUL
041 _aeng
082 _a940.18
_bWRG 1965
100 1 _aWright, John Kirtland,
_d1891-1969.
_944464
245 1 4 _aThe geographical lore of the time of the Crusades :
_ba study in the history of medieval science and tradition in Western Europe /
_cby John Kirtland Wright, with a new introduction by Clarence J. Glacken
260 _aNew York :
_bDover Publications,
_c1965
300 _axxxiii, 563 p :
_bill, maps ;
_c21 cm
500 _aOriginally published: New York: American Geographical Society, 1925
504 _aIncludes bibliography and index
650 0 _aGeography, Medieval
_962035
650 0 _aGeography
_xHistory
_985177
700 1 _aGlacken, Clarence J.
_985178
942 _2ddc
_cBK
999 _c27748
_d27748